France Danse : diversité d'un paysage chorégraphique /

Detalles Bibliográficos
Formato: Libro
Lenguaje:inglés
Publicado: París, Francia AFAA 2002
Materias:
Acceso en línea:Acceso a datos de discos

MARC

LEADER 00000cam a2200000 a 4500
001 027376
003 UAHC_CL
005 20170803122810.0
008 050407b xx j 000 1 eng
040 |a UAHC_CL  |c UAHC_CL  |d UAHC_CL 
245 1 0 |a France Danse :  |b diversité d'un paysage chorégraphique /  |c Ministère de la Culture et de la Communication/DMDTS. 
260 |b AFAA  |a París, Francia  |c 2002 
300 |a 4 discos compactos 
500 |a Elaborée pour appuyer la politique de promotion de la danse engagée par l'AFAA et répondre à une demande croissante d'information de la part de partenaires étrangers, la collection de CD-Rom france danse, présente au fil des années, en quelques volumes, la diversité des esthétiques chorégraphiques en France. \Ces CD-Rom sont par ailleurs conçus pour présenter prioritairement l'actualité chorégraphique, qu'il s'agisse des derniers spectacles ou de ceux qui sont maintenus au répertoire des compagnies. \Ce CD-Rom est réalisé avec le soutien du ministère de la Culture et de la Communication/DMDTS 
505 0 |a V.1. Accrorap - Kader Attou et Eric Mezino, Ballet de Lorraine - Centre Chorégraphique National de Nancy, Jérôme Bel, Black Blanc Beur - Christine Coudun et Jean Djemad, Dominique Boivin - Compagnie Beau Geste, Marcia Barcellos et Karl Biscuit - Castafiore, Boris Charmatz - Association Edna, Catherine Diverrès - Centre Chorégraphique National de Rennes et de Bretagne, Kubilaï Khan investigations - Frank Micheletti, Daniel Larrieu - Centre Chorégraphique National de Tours, Francesca Lattuada - Compagnie Festina Lente Blanca Li, Thierry Malandain - Centre Chorégraphique National / Ballet Biarritz, Maguy Marin - Centre Chorégraphique National de Rillieux-la-Pape, Josef Nadj - Centre Chorégraphique National d'Orléans, Angelin Preljocaj - Ballet Preljocaj / Centre Chorégraphique National d'Aix-en-Provence, Salia ni Seydou - Salia Sanou et Seydou Boro, Karine Saporta - Centre Chorégraphique National de Caen / Basse-Normandie, Christian Rizzo - L'association fragile, Claudia Triozzi, Emmanuelle Vo-Dinh - Compagnie Sui Generis -- v.2. Azanie, Ballet de l'Opéra de Lyon, Marco Berrettini, Christian Bourigault, Alain Buffard, Régine Chopinot, Choream, Paco Dècina, Marise, Delente, Jean-Claude Gallota, Lionel Hoche, Käfig, Michel Kelemenis, Nasser Martin-Gousset, Marie-Geneviève Massé, Mathilde Monnier, Montalvo/Hervieu, Bernardo Montet, Hervé Robbe, Mark Tompkins 
653 |a DANZA 
856 |u http://www.afaa.asso.fr/site/part_3_ress/publications/cdvideo/textes/11.php  |3 Acceso a datos de discos  |y Acceso a datos de discos 
900 |a CD-044 
942 |c BK 
952 |0 0  |1 0  |4 0  |6 CD_044_VOL_1_DISCO_01_000000000000000  |7 0  |8 Hemeroteca  |9 54717  |a BS  |b BS  |c Hemeroteca  |d 2017-08-03  |l 0  |o CD-044/Vol 1, Disco 01  |p 1347832  |r 2019-01-10 00:00:00  |t 1  |w 2017-08-03  |y BK 
952 |0 0  |1 0  |4 0  |6 CD_044_VOL_1_DISCO_02_000000000000000  |7 0  |8 Hemeroteca  |9 54718  |a BS  |b BS  |c Hemeroteca  |d 2017-08-03  |l 0  |o CD-044/Vol 1, Disco 02  |p 1348179  |r 2019-01-10 00:00:00  |t 1  |w 2017-08-03  |y BK 
952 |0 0  |1 0  |4 0  |6 CD_044_VOL_2_DISCO_01_000000000000000  |7 0  |8 Hemeroteca  |9 54719  |a BS  |b BS  |c Hemeroteca  |d 2017-08-03  |l 0  |o CD-044/Vol 2, Disco 01  |p 1348177  |r 2019-01-10 00:00:00  |t 1  |w 2017-08-03  |y BK 
952 |0 0  |1 0  |4 0  |6 CD_044_VOL_2_DISCO_02_000000000000000  |7 0  |8 Hemeroteca  |9 54720  |a BS  |b BS  |c Hemeroteca  |d 2017-08-03  |l 0  |o CD-044/Vol 2, Disco 02  |p 1348180  |r 2019-01-10 00:00:00  |t 1  |w 2017-08-03  |y BK 
999 |c 27376  |d 27376